00591nam a2200145 a 4500008004100000020001800041041000800059110002800067245013700095250001100232260003600243300001100279500013900290653001600429191031t2023 uk |||g |||| 000 0 spa d a9780194241199 aspa1 aOxford University Press aDiccionario Oxford Pocket para estudiantes angentinos de inglésbEspañol-Inglés Inglés-Español /cOxford University Press. a2a ed. aUnited Kingdom:bOxford;c2023. a783 p. aOxford University Press. (2023). Diccionario Oxford pocket para estudiantes argentinos de inglés. (2a ed.). United Kingdom : Oxford. aDiccionario